Easyway o método fácil para deixar de fumar mesmo sem força de vontade (Registo nº 199434)

Detalhes MARC
000 -Etiqueta do registo
Valores 00651nam 22002173 4500
010 ## - Número ISBN
ISBN 978-989-687-938-9
021 ## - Número do Depósito Legal
Número 544170/25
100 ## - Dados gerais de processamento
Dados gerais 20251205d u||y0pory50 ba
200 ## - Titulo e menção de responsabilidade
Título próprio Easyway o método fácil para deixar de fumar mesmo sem força de vontade
Primeira menção de responsabilidade Allen Carr
Outras menções de responsabilidade tradução de Margarida Pacheco Nunes
205 ## - Menção da edição
Edição
210 ## - Publicação
Local de publicação Lisboa
Nome do editor Pergaminho
Data de publicação 2025
215 ## - Descrição física 
Paginação / Volumes 292 p.
Outras indicações físicas brochado
Dimensões 23 cm
606 ## - Nome comum usado como assunto
ID Autoridade 3658
Palavra de ordem Medicina
Subdivisão assunto Saúde e Bem-estar
610 ## - Termos não controlados
Palavra de ordem Tabagismo
675 ## - CDU
Notação 61
Edição PT
Língua por
700 ## - Autor principal (pessoa individual)
ID Autoridade 13069
Apelido Carr
Nome Allen
801 ## - Fonte de origem
País PT
Agência BMMN
Regras de catalogação RPC
830 ## - Notas gerais do catalogador
Criado por Fernando
Indexado por Fernando
990 ## - Elementos KOHA
Tipo de documento Livro
Exemplares
Situação do levantamento Biblioteca de origem Código de barras Cota Permissão de empréstimo Tipo de documento Forma de aquisição
  Biblioteca Municipal de Montemor-o-Novo 28283 61 CAR|LG   Livro Compra

Powered by Koha